000 00518nam a2200193Ia 4500
005 20250508162007.0
008 008 250505s9999 xx 000 0 eng d
037 _aBooks to be hide in OPAC
040 _aFEDL
_beng
_cFEDL
041 _aeng
_2eng
084 _a940, THO/O
_qFEDL
100 _aThomson David
245 0 _aEurope since Napoleon
250 _a2nd
260 _aJaipur, India
_bJain Pustak Mandir
_c1974
300 _axix,909p.
942 _cHB
_h940, THO/O
999 _c1373712
_d1373712